000 00621cam a22002171a 4500
001 14044
003 BD-JhCC
005 20240525165606.0
008 080308s1968 ii b a 000 0 eng
035 _a(BD-JhCC)14044
040 _dBD-JhCC
_aBD-JhCC
041 _aeng
082 _bBOS1961
_a342.73
100 1 _a Bose,D.
245 1 4 _aQuestions and Answers on English Constitution /
_cD. Bose
260 _aCalcutta :
_bS. C. Sarkar & Sons Private Ltd;
_c1961.
300 _a212 p. :
_c21 cm.
650 0 _aConstitutional history
_zUnited States.
650 0 _aConstitutional law
_zUnited Kingdom.
942 _2ddc
_cBK
999 _c14044
_d14044